000 00221nam a2200097Ia 4500
008 120527s9999 xx 000 0 und d
100 _aGOLDBERG, L
245 _aMassage and Aromatheraphy
260 _bThornes
942 _cBK
999 _c25760
_d25760